000 01090nam a22001937a 4500
999 _c58671
_d58671
003 Ge_BSU
005 20220624121219.0
008 220624s2022 ge ||||| |||| 00| 0 geo d
041 _ageo
080 _a347.9(479.22)(094.4) ს-32
245 _aსაქართველოს კანონი : საქართველოს სამოქალაქო კოდექსი :
_bანბანურ-საგნობრივი საძიებლით : ცვლილებებითა და დამატებებით 2022 წლის 18 მარტამდე.
264 _aთბილისი :
_bბონა კაუზა,
_c2022,
300 _a382 გვ. ;
_b20 სმ.
490 _aიურისტის ბიბლიოთეკა
501 _aანბანურ-საგნობრივი საძიებელი გვ. 364-382
653 _aსაქართველოს კანონი
653 _aსაქართველოს სამოქალაქო კოდექსი
942 _2udc
_cBK